[Event "Andalucia-ch U12 1011"]
[Site "Almeria"]
[Date "2011.03.25"]
[Round "3.10"]
[White "Jimenez Lozano, Francisco Javier"]
[Black "Perez Torres, Alejandro"]
[Result "1-0"]
[WhiteElo "1532"]
[BlackElo "1315"]
[PlyCount "37"]
[EventDate "2011.03.25"]
[EventType "swiss"]
[EventRounds "9"]
[EventCountry "ESP"]
[SourceTitle "EXT 2024"]
[Source "ChessBase"]
[SourceDate "2023.10.10"]
[SourceVersion "1"]
[SourceVersionDate "2023.10.10"]
[SourceQuality "1"]

1. e4 e5 2. Nf3 Nc6 3. Bc4 Bc5 4. 0-0 Nf6 5. Nc3 d6 6. d3 Be6 7. Bg5 h6 8. Bh4 g5 9. Bg3 a6 10. Nd5 Bxd5 11. exd5 Nd4 12. Nxd4 Bxd4 13. c3 Bb6 14. d4 exd4 15. Re1+ Kf8 16. cxd4 Kg7 17. f4 c5 18. dxc5 dxc5 19. Qd2 1-0